NLSUI OPAC header image

Politics and the environment : From theory to practice (Record no. 16716)

MARC details
000 -LEADER
fixed length control field 01064nam a2200217Ia 4500
003 - CONTROL NUMBER IDENTIFIER
control field OSt
005 - DATE AND TIME OF LATEST TRANSACTION
control field 20210904150134.0
008 - FIXED-LENGTH DATA ELEMENTS--GENERAL INFORMATION
fixed length control field 160316s1999 xxu||||| |||| 00| 0 eng d
020 ## - INTERNATIONAL STANDARD BOOK NUMBER
International Standard Book Number 9780415150682
040 ## - CATALOGING SOURCE
Transcribing agency n
082 ## - DEWEY DECIMAL CLASSIFICATION NUMBER
Classification number 344.046000
Item number CON
100 ## - MAIN ENTRY--PERSONAL NAME
Personal name Connelly James
245 ## - TITLE STATEMENT
Title Politics and the environment : From theory to practice
260 ## - PUBLICATION, DISTRIBUTION, ETC.
Place of publication, distribution, etc. London
Name of publisher, distributor, etc. Routledge
Date of publication, distribution, etc. 1999
300 ## - PHYSICAL DESCRIPTION
Extent 340p
Dimensions x
365 ## - TRADE PRICE
Price amount Rs.1,182.50
505 ## - FORMATTED CONTENTS NOTE
Formatted contents note Table of contents<br/>Part One: Environmental Thought and Political Action;<br/>1.E nvironmental Philosophy;<br/>2. Green Ideology;<br/>3. The Environmental Movement;<br/>Part Two: Analysing Environmental Policy;<br/>4. Collective Action, Power and Decision Making;<br/>5.Valuing the Environment 6. Choosing the Means;<br/>Part Three: Environmental Policy: Global to Local;<br/>7. International Dimensions;<br/>8. European Integration;<br/>9. National Responses;<br/>10. Local Democracy and Local Authorities;<br/>11. Conclusion
650 ## - SUBJECT ADDED ENTRY--TOPICAL TERM
Topical term or geographic name entry element 1. Environmental Policy - U K2. Environmental Ethics - U K
700 ## - ADDED ENTRY--PERSONAL NAME
Personal name Smith Graham
--
942 ## - ADDED ENTRY ELEMENTS (KOHA)
Source of classification or shelving scheme Dewey Decimal Classification
Koha item type BOOKs
Holdings
Withdrawn status Lost status Damaged status Not for loan Home library Current library Shelving location Date acquired Cost, normal purchase price Total Checkouts Total Renewals Full call number Barcode Checked out Date last seen Date last checked out Price effective from Koha item type
        . .   30.05.2017 1182.50 1 1 344.046 CON 16456 06.07.2026 02.02.2026 02.02.2026 30.05.2017 BOOKs